| 000 | 00726nam a2200205 4500 | ||
|---|---|---|---|
| 005 | 20240530110339.0 | ||
| 008 | 141027s2010 ua gr 000 | ara d | ||
| 040 | _aEG-CaGPL | ||
| 082 | 4 | 0 |
_221 _a819\ _bص ن |
| 100 | 0 | _aصلاح الدين احمد يونس | |
| 245 | 1 | 0 |
_aالنثر لا الشعر : _bمن سلطة التراث الى احلام العصر / _cصلاح الدين احمد يونس |
| 250 | _aط1 | ||
| 260 |
_aدمشق : _bانانا ، _c2010 |
||
| 300 |
_a428 ص ؛ _c24 سم |
||
| 490 |
_aسلسلة الدراسات النقدية ؛ _v6 |
||
| 650 | 4 | 0 | _aالادب العربى |
| 650 | 4 | 0 | _aالنثر العربى |
| 942 |
_2ddc _cBK |
||
| 999 |
_c59841 _d59841 |
||